000 00390nam a2200157Ia 4500
003 Ost
005 20260225132540.0
008 260225s9999||||xx |||||||||||||| ||und||
040 _cfsic
041 _afre
082 _a330.9
100 _aMichel beaud
_eAuteur
245 0 _aLe basculement du monde de la terre,des hommes et du capitalisme /
245 0 _cMichel beaud
942 _cكتاب
999 _c33466
_d33466